Vysílání zaměstnanců do zahraničí

Daňová povinnosť zamestnanca v zahraničí. Daňové rezidentstvo. Zamedzenie dvojitého zdanenia. Sociálne a zdravotné poistenie v zahraničí.

Saved in:
Bibliographic Details
Main Author: Králová, Daniela
Format: Book Chapter
Language:Czech
Subjects:
Tags: Add Tag
No Tags, Be the first to tag this record!

MARC

LEADER 00000naa$a2200000$$$4500
001 0051428
005 20231019113451.5
041 0 |a cze 
044 |a CZ 
245 1 0 |a Vysílání zaměstnanců do zahraničí  |c Daniela Králová 
520 |a Daňová povinnosť zamestnanca v zahraničí. Daňové rezidentstvo. Zamedzenie dvojitého zdanenia. Sociálne a zdravotné poistenie v zahraničí. 
610 2 0 |a pohyb síl pracovných medzinárodný 
610 2 0 |a práca v zahraničí 
610 2 0 |a poistenie sociálne 
610 2 0 |a poistenie zdravotné 
610 2 0 |a dane 
610 2 0 |a rezidenti 
610 2 0 |a zdaňovanie 
610 2 0 |a zdanenie dvojité 
610 2 0 |a Česko 
610 2 0 |a legislatíva 
100 1 |a Králová, Daniela